000 01045nam a2200277Ia 4500
003 OSt
005 20200718012621.0
008 191128s2000 ck fr 000 0dspa d
020 _a9589136052
040 _aCO-JMCR
_cCO-JMCR
041 0 _aspa
082 0 4 _a338.986 /
_bG516c
_223
100 1 _aGiraldo Samper, Marcela,
_eautor
_96975
245 1 0 _aCrisis :
_bantecedentes, incertidumbres y salidas /
_cMarcela Giraldo Samper
250 _aPrimera edición
260 _aBogotá :
_bEdiciones Aurora,
_c2000
300 _a285 páginas ;
_c21 cm.
500 _aIncluye datos biográficos de la autora en la solapa.
500 _a"Nuevo reportaje a la economía. Polemizan los protagonistas"-- tapa
505 0 _aLos que están en el poder -- Los que estuvieron -- Los que no han estado
650 1 4 _aEconomía
_zColombia
_97273
650 1 4 _aEconomistas colombianos
_xentrevistas
_97524
650 1 4 _aPronóstico de la economía
_ySiglo XXI
_zColombia
_97525
651 4 _aColombia
_xcondiciones económicas
_97526
942 _2ddc
_cBK
999 _c5616
_d5616